Loading...
| Literature - American Literature | 0 | 2 | 0 | 0 | 20 | 99 | 114.00 | 0 | 0 |
| Literature - World/Other Literature | 0 | 2 | 0 | 0 | 20 | 94 | 113.50 | 0 | 0 |
| Fine Arts - Visual Fine Arts | 0 | 2 | 0 | 0 | 20 | 109 | 119.50 | 0 | 0 |
| Science - Physics | 0 | 1 | 0 | 0 | 10 | 125 | 125.00 | 0 | 0 |
| Literature - British Literature | 0 | 1 | 0 | 0 | 10 | 104 | 104.00 | 0 | 0 |
| Science - Chemistry | 0 | 1 | 0 | 0 | 10 | 83 | 83.00 | 0 | 0 |
| Fine Arts - Classical Music | 0 | 1 | 0 | 1 | 10 | 110 | 110.00 | 0 | 0 |
| Mythology | 0 | 1 | 0 | 0 | 10 | 96 | 96.00 | 0 | 0 |
| Philosophy | 0 | 1 | 0 | 0 | 10 | 112 | 112.00 | 0 | 0 |
| Pop Culture | 0 | 1 | 0 | 0 | 10 | 83 | 83.00 | 0 | 0 |
| Religion | 0 | 1 | 0 | 1 | 10 | 133 | 133.00 | 0 | 0 |
| Fine Arts - Other Fine Arts | 0 | 0 | 1 | 0 | -5 | 0.00 | 0 | 0 | |
| Science - Biology | 0 | 0 | 1 | 0 | -5 | 0.00 | 0 | 0 |